[Event "IECC CL3-1999.33"]
[Site "IECC email"]
[Date "1999.08.23"]
[Round "?"]
[White "Montalta, Benedikt"]
[Black "Yerastov, Yuri"]
[Result "1-0"]
[WhiteElo "1872"]
[BlackElo "1845"]
[PlyCount "57"]
[EventDate "1999.??.??"]
[EventType "tourn (corr)"]
[EventRounds "4"]
[SourceTitle "Corr 2008"]
[Source "ChessBase"]
[SourceDate "2008.06.24"]
[SourceVersion "1"]
[SourceVersionDate "2008.06.24"]
[SourceQuality "1"]

1. Nf3 Nf6 2. c4 g6 3. Nc3 Bg7 4. e4 d6 5. d4 0-0 6. Be2 e5 7. 0-0 Nc6 8. d5 Ne7 9. Nd2 Ne8 10. b4 f5 11. c5 Nf6 12. f3 f4 13. Nc4 g5 14. a4 Rf7 15. cxd6 cxd6 16. Bb2 Bf8 17. Rc1 h5 18. Bd3 g4 19. Rc2 g3 20. Qd2 gxh2+ 21. Kxh2 h4 22. Nb5 Ng6 23. Rfc1 Nh5 24. Qf2 Ng3 25. Ncxd6 h3 26. Rxc8 Rxc8 27. Rxc8 Qh4 28. gxh3 Rg7 29. Ne8 1-0